[Event "GER-chT U16"]
[Site "Magdeburg"]
[Date "2023.12.28"]
[Round "4.1"]
[White "Kasapchuk, Oleksandr Jr"]
[Black "Ronsin, Corentin"]
[Result "0-1"]
[WhiteElo "1773"]
[BlackElo "1642"]
[PlyCount "82"]
[EventDate "2023.12.26"]
[EventType "team-swiss"]
[EventRounds "7"]
[EventCountry "GER"]
[SourceTitle "CB03_2024"]
[SourceDate "2024.01.17"]
[SourceVersion "1"]
[SourceVersionDate "2024.01.17"]
[SourceQuality "1"]
[WhiteTeam "Brackel"]
[BlackTeam "Nuernberg Noris Tarrasch"]
[WhiteTeamCountry "GER"]
[BlackTeamCountry "GER"]

1. e4 c5 2. Nf3 e6 3. d4 cxd4 4. Nxd4 Nf6 5. Bd3 Nc6 6. Nxc6 bxc6 7. c4 d5 8. Nc3 d4 9. Ne2 e5 10. 0-0 c5 11. f4 Bd6 12. f5 Bb7 13. Ng3 Qc7 14. Bg5 Be7 15. Bxf6 Bxf6 16. Qg4 Qd6 17. Nh5 Ke7 18. h4 Rag8 19. Rf2 Bc8 20. a3 g6 21. Ng3 h5 22. Qh3 g5 23. hxg5 Rxg5 24. b4 h4 25. Nf1 Bb7 26. Rb1 Qc7 27. b5 Rhg8 28. b6 axb6 29. Rfb2 Rg3 30. Nxg3 Rxg3 31. Rxb6 Bc6 32. Qh2 Rxd3 33. a4 Rd1+ 34. Rxd1 Qxb6 35. g4 hxg3 36. Qe2 Bxa4 37. Ra1 Qb3 38. Kg2 Qc2 39. Ra2 Qxe2+ 40. Rxe2 d3 41. Rd2 Bc2 0-1

[Event "GER-chT U16"]
[Site "Magdeburg"]
[Date "2023.12.28"]
[Round "3.1"]
[White "Malchereck, Zion"]
[Black "Kasapchuk, Oleksandr Jr"]
[Result "1-0"]
[WhiteElo "1792"]
[BlackElo "1773"]
[PlyCount "93"]
[EventDate "2023.12.26"]
[EventType "team-swiss"]
[EventRounds "7"]
[EventCountry "GER"]
[SourceTitle "CB03_2024"]
[SourceDate "2024.01.17"]
[SourceVersion "1"]
[SourceVersionDate "2024.01.17"]
[SourceQuality "1"]
[WhiteTeam "Hamburger SK"]
[BlackTeam "Brackel"]
[WhiteTeamCountry "GER"]
[BlackTeamCountry "GER"]

1. e4 d5 2. exd5 Qxd5 3. Nc3 Qa5 4. d4 Nf6 5. Nf3 c6 6. Bd3 Bf5 7. 0-0 e6 8. Re1 Nbd7 9. Bf4 Be7 10. h3 0-0 11. d5 Bb4 12. Bxf5 exf5 13. Bd2 Bxc3 14. Bxc3 Qxd5 15. Re7 Qc5 16. Rxd7 Nxd7 17. Qxd7 b5 18. Qd4 Qxd4 19. Nxd4 Rfe8 20. Nxc6 g6 21. Rd1 a6 22. Rd7 Kf8 23. Ne5 Rad8 24. Rxf7+ Kg8 25. Rb7 Rb8 26. Rxb8 Rxb8 27. a3 Rd8 28. Nd3 Kf7 29. Kf1 Rc8 30. Ke2 Ke6 31. Kd2 g5 32. Nb4 a5 33. Nd3 a4 34. b3 h5 35. bxa4 bxa4 36. Nb4 h4 37. Bd4 g4 38. Kd3 f4 39. f3 gxf3 40. gxf3 Kf5 41. c4 Rg8 42. Bf2 Rg2 43. Bxh4 Rb2 44. Be1 Rb3+ 45. Bc3 Rxa3 46. Kc2 Rb3 47. h4 1-0

[Event "GER-chT U16"]
[Site "Darmstadt"]
[Date "2022.12.28"]
[Round "4"]
[White "Kasapchuk, Oleksandr Jr"]
[Black "Duduka, Artem"]
[Result "0-1"]
[WhiteElo "1650"]
[BlackElo "1602"]
[PlyCount "80"]
[EventDate "2022.12.26"]
[EventType "team-swiss"]
[EventRounds "7"]
[EventCountry "GER"]
[SourceTitle "CBM 212 Extra"]
[Source "ChessBase"]
[SourceDate "2023.03.31"]
[SourceVersion "1"]
[SourceVersionDate "2023.03.31"]
[SourceQuality "1"]
[WhiteTeam "Brackel"]
[BlackTeam "Berlin Nord Ost"]
[WhiteTeamCountry "GER"]
[BlackTeamCountry "GER"]

1. e4 e5 2. Nf3 Nc6 3. Bb5 Nge7 4. Nc3 a6 5. Ba4 d6 6. h3 Bd7 7. 0-0 b5 8. Bb3 Na5 9. Ne2 Nxb3 10. axb3 g6 11. d4 Nc6 12. d5 Ne7 13. Bg5 Bg7 14. Ng3 h6 15. Bd2 0-0 16. Qc1 Kh7 17. c4 f5 18. Kh2 f4 19. Ne2 bxc4 20. bxc4 g5 21. Rh1 Ng6 22. Ra3 h5 23. Kg1 Kg8 24. Kf1 g4 25. hxg4 hxg4 26. Ne1 Nh4 27. g3 fxg3 28. Rxg3 Nf3 29. Nxf3 Rxf3 30. Rxf3 gxf3 31. Ng3 Qc8 32. Nh5 Bh3+ 33. Ke1 Qg4 34. Ng3 Bf6 35. Be3 Bh4 36. Qc2 Bxg3 37. fxg3 Qxg3+ 38. Bf2 Qg4 39. Kd2 Rf8 40. c5 Qg2 0-1